| 000 | 00835cam a22002057a 4500 | ||
|---|---|---|---|
| 001 | 84971 | ||
| 003 | BD-RjUL | ||
| 005 | 20250521124928.0 | ||
| 008 | 250521s1966 pk 000 0 per | ||
| 035 | _a(BD-RjUL) 84971 | ||
| 040 |
_aDLC _cDLC _dDLC _beng |
||
| 041 | _aper | ||
| 082 |
_223 _a891.551 _bJAV 1966 |
||
| 100 | 1 |
_aIqbal, Muhammad,. اقبال، محمد، أقا،, _d1877-1938. _99707 |
|
| 245 | 1 | 0 |
_aجاوید نامہ / Jāvīd nāmah / _cمترجم ؛انعام اللہ خان ناصر ، اصغر حسین خان نظیر لدھیانوی ;; Translated by: Anamullah Khan Nasir, Asghar Hussain Khan Nazir Ludhianvi |
| 260 |
_aLahore : _bمکتبہ کارواں کچہری روڈ ;; Maktaba Karwan Kutchery Road, _c1966 |
||
| 300 |
_a248 p. ; _c18 cm cm. |
||
| 650 |
_aPersian poetry _99708 |
||
| 942 |
_2ddc _cBK |
||
| 999 |
_c84971 _d84971 |
||